书目信息 |
| 题名: |
分析化学中的离子平衡
|
|
| 作者: | 孟凡昌 , 蒋勉 著 | |
| 分册: | ||
| 出版信息: | 北京 科学出版社 1997.07 |
|
| 页数: | 201页 | |
| 开本: | 32开 | |
| 丛书名: | ||
| 单 册: | ||
| 中图分类: | O651 | |
| 科图分类: | ||
| 主题词: | 分析化学 , 分析(化学) | |
| 电子资源: | ||
| ISBN: | 7-03-006077-6 | |
| 000 | 00623nam0 2200217 45 | |
| 001 | 0008031136 | |
| 005 | 20000906184718.6 | |
| 010 | @a7-03-006077-6@d14.00元 | |
| 100 | @a20000803d1997 km y0chiy0120 ea | |
| 101 | 0 | @achi |
| 105 | @a z 000yy | |
| 200 | 1 | @a分析化学中的离子平衡@AFen Xi Hua Xue Zhong De Li Zi Ping Heng@f孟凡昌,蒋勉著@FMeng Fan Chang,Jiang MianZhu |
| 210 | @a北京@c科学出版社@d1997.07 | |
| 215 | @a201页@d32开 | |
| 606 | 0 | @a分析化学 |
| 606 | 0 | @a分析(化学) |
| 690 | @aO651@v3 | |
| 701 | 0 | @a孟凡昌@4著 |
| 701 | 0 | @a蒋勉@4著 |
| 801 | @aCN@bPftUser@c20000803 | |
| 905 | @dO651@eM110@b123391-395@f5 | |
| 分析化学中的离子平衡/孟凡昌,蒋勉著.-北京:科学出版社,1997.07 |
| 201页;32开 |
| ISBN 7-03-006077-6:14.00元 |
| ● |
| 相关链接 |
|
|
|
正题名:分析化学中的离子平衡
索取号:O651/M110
 
预约/预借
| 序号 | 登录号 | 条形码 | 馆藏地/架位号 | 状态 | 备注 |
| 1 | 123391 | 201233913 | 自科库401/401自科库 65排5列5层/ [索取号:O651/M110] | 在馆 | |
| 2 | 123392 | 201233922 | 自科库401/401自科库 65排5列5层/ [索取号:O651/M110] | 在馆 | |
| 3 | 123393 | 201233931 | 自科库401/401自科库 65排5列5层/ [索取号:O651/M110] | 在馆 | |
| 4 | 123394 | 201233940 | 自科库401/401自科库 65排5列5层/ [索取号:O651/M110] | 在馆 | |
| 5 | 123395 | 201233959 | 自科库401/401自科库 65排5列5层/ [索取号:O651/M110] | 在馆 |